| 000 | 00637nam a2200205Ia 4500 | ||
|---|---|---|---|
| 003 | IN-BaIIA | ||
| 008 | 211028s9999 xx 000 0 eng d | ||
| 020 | _a0-521-24558-3 | ||
| 040 | _cIIA Library | ||
| 080 |
_a523.45-425 _bPHY |
||
| 100 |
_aDessler, A. J _913883 |
||
| 245 | 0 |
_aPhysics of the Jovian magnetosphere _cA. J. Dessler |
|
| 260 |
_aCambridge _bCambridge University Press _c1983 |
||
| 300 | _axv, 544p. | ||
| 650 | _aAstronomy and astrophysics thesaurus | ||
| 650 |
_aGiant planets _913884 |
||
| 650 |
_aJovian planets _913885 |
||
| 650 |
_aMagnetosphere _93270 |
||
| 942 | _cBK | ||
| 999 |
_c8277 _d8277 |
||